000 00289nam a22001217a 4500
008 170508b xxu||||| |||| 00| 0 eng d
041 _aeng
080 _23RD
_a343
100 _a15
101 _aSHJ
245 _aWARRANTS MANUAL FOR ARREST, SEARCH& SEIZURE
_cBRIDGES ,T
942 _2udc
_cBK
999 _c12913
_d12913